[Event "AUT-chT2M 2324"]
[Site "Austria"]
[Date "2024.03.15"]
[Round "6.6"]
[White "Teuschler, Barbara"]
[Black "Guetz, Wolfgang"]
[Result "1-0"]
[WhiteElo "2093"]
[BlackElo "2055"]
[PlyCount "53"]
[EventDate "2023.11.03"]
[EventType "team-tourn"]
[EventRounds "11"]
[EventCountry "AUT"]
[SourceTitle "CBM 219 Extra"]
[Source "ChessBase"]
[SourceDate "2024.05.31"]
[SourceVersion "1"]
[SourceVersionDate "2024.05.31"]
[SourceQuality "1"]
[WhiteTeam "Graz Schachfreunde"]
[BlackTeam "St Veit/Glan"]
[WhiteTeamCountry "AUT"]
[BlackTeamCountry "AUT"]

1. e4 c5 2. Nf3 d6 3. d4 cxd4 4. Nxd4 Nf6 5. Nc3 Nc6 6. Bg5 Bd7 7. Be2 Qa5 8. Bxf6 gxf6 9. 0-0 Rc8 10. Nf5 Bxf5 11. exf5 Rg8 12. Nd5 Bh6 13. c3 Ne5 14. Re1 Kf8 15. Bf1 a6 16. h3 Qc5 17. b4 Qa7 18. Qh5 Bg5 19. Re4 Rc6 20. Qxh7 Bd2 21. Nxe7 Rg5 22. Nd5 Nf3+ 23. Kh1 Qxf2 24. Qh8+ Rg8 25. Re8+ Kxe8 26. Qxg8+ Kd7 27. Qxf7+ 1-0

[Event "AUT-chT2M 2324"]
[Site "Austria"]
[Date "2023.12.03"]
[Round "5.4"]
[White "Schnider, Gert"]
[Black "Guetz, Wolfgang"]
[Result "1-0"]
[WhiteElo "2382"]
[BlackElo "2055"]
[PlyCount "57"]
[EventDate "2023.11.03"]
[EventType "team-tourn"]
[EventRounds "11"]
[EventCountry "AUT"]
[SourceTitle "CBM 219 Extra"]
[Source "ChessBase"]
[SourceDate "2024.05.31"]
[SourceVersion "1"]
[SourceVersionDate "2024.05.31"]
[SourceQuality "1"]
[WhiteTeam "Frauental"]
[BlackTeam "St Veit/Glan"]
[WhiteTeamCountry "AUT"]
[BlackTeamCountry "AUT"]

1. c4 e5 2. g3 Nf6 3. Bg2 d5 4. cxd5 Nxd5 5. Nf3 Nc6 6. 0-0 Be7 7. d4 e4 8. Ne5 Bf5 9. Nxc6 bxc6 10. Qc2 Nb4 11. Qa4 0-0 12. a3 Nd5 13. Qxc6 Rb8 14. Nc3 Nxc3 15. bxc3 Rb6 16. Qa4 h5 17. Qxa7 g5 18. Be3 h4 19. Rab1 Rc6 20. Qa4 Rh6 21. Rb7 Qc8 22. Qa7 Bd6 23. Bxg5 Rh5 24. Be7 hxg3 25. fxg3 Bh3 26. Bxf8 Bxg2 27. Bxd6 Qh3 28. Qb8+ Kg7 29. Qf8+ 1-0

[Event "AUT-chT2M 2324"]
[Site "Austria"]
[Date "2023.12.02"]
[Round "4.4"]
[White "Guetz, Wolfgang"]
[Black "Lentrodt, Thomas"]
[Result "1-0"]
[WhiteElo "2055"]
[BlackElo "2226"]
[PlyCount "81"]
[EventDate "2023.11.03"]
[EventType "team-tourn"]
[EventRounds "11"]
[EventCountry "AUT"]
[SourceTitle "CBM 219 Extra"]
[Source "ChessBase"]
[SourceDate "2024.05.31"]
[SourceVersion "1"]
[SourceVersionDate "2024.05.31"]
[SourceQuality "1"]
[WhiteTeam "St Veit/Glan"]
[BlackTeam "Grieskirchen"]
[WhiteTeamCountry "AUT"]
[BlackTeamCountry "AUT"]

1. e4 e6 2. d4 d5 3. Nc3 Nf6 4. e5 Nfd7 5. f4 c5 6. Nf3 Nc6 7. Be3 a6 8. Qd2 b5 9. dxc5 Bxc5 10. 0-0-0 Qb6 11. Bxc5 Nxc5 12. Bd3 b4 13. Ne2 a5 14. Ned4 Nxd4 15. Nxd4 Ba6 16. Bxa6 Rxa6 17. f5 Ne4 18. Qf4 Qd8 19. h4 0-0 20. Rhf1 a4 21. Rd3 Qb8 22. Rdf3 exf5 23. Nxf5 Re6 24. Nd4 Ree8 25. e6 Qxf4+ 26. Rxf4 Nf6 27. exf7+ Rxf7 28. Nc6 Rb7 29. Nxb4 Re4 30. Nxd5 Rxf4 31. Nxf4 a3 32. b3 Ne4 33. Nd5 h6 34. c4 Rb8 35. Kc2 Ng3 36. Rf3 Ne2 37. Rf2 Nd4+ 38. Kc3 Ne6 39. b4 Kh7 40. c5 Nd8 41. Kc4 1-0

[Event "AUT-chT2M 2324"]
[Site "Austria"]
[Date "2023.11.03"]
[Round "1.6"]
[White "Rechberger, Franz"]
[Black "Guetz, Wolfgang"]
[Result "1/2-1/2"]
[WhiteElo "2081"]
[BlackElo "2055"]
[PlyCount "98"]
[EventDate "2023.11.03"]
[EventType "team-tourn"]
[EventRounds "11"]
[EventCountry "AUT"]
[SourceTitle "CBM 217 Extra"]
[Source "ChessBase"]
[SourceDate "2024.01.31"]
[SourceVersion "1"]
[SourceVersionDate "2024.01.31"]
[SourceQuality "1"]
[WhiteTeam "Freistadt/Wartberg"]
[BlackTeam "St Veit/Glan"]
[WhiteTeamCountry "AUT"]
[BlackTeamCountry "AUT"]

1. e4 c5 2. Nf3 d6 3. Bb5+ Bd7 4. a4 Nf6 5. Nc3 Nc6 6. d3 g6 7. Ne2 Bg7 8. Ng3 0-0 9. 0-0 a6 10. Bxc6 Bxc6 11. Re1 b5 12. e5 dxe5 13. Nxe5 Bb7 14. Qe2 Qd5 15. f3 h5 16. Nh1 Ng4 17. fxg4 Bxe5 18. Qe4 Qxe4 19. dxe4 hxg4 20. Nf2 g3 21. hxg3 Bxg3 22. Ra3 Be5 23. Nd3 Bd4+ 24. Be3 Bxe3+ 25. Rxe3 c4 26. Nc5 Bc6 27. b4 Rfd8 28. Kf2 Rd2+ 29. Re2 Rxe2+ 30. Kxe2 bxa4 31. Ke3 a5 32. bxa5 Rxa5 33. Kd4 Bb5 34. Kc3 Ra8 35. Kb4 Rb8 36. Kc3 Kg7 37. Nxa4 Ra8 38. Kb4 Bc6 39. Nc3 Rxa3 40. Kxa3 f5 41. Kb4 Kf6 42. Kxc4 Kg5 43. Kd4 Kg4 44. exf5 gxf5 45. g3 Kxg3 46. Ke5 Bd7 47. Nd5 e6 48. Nf4 Kf3 49. c4 Ke3 1/2-1/2

[Event "St Veit op 41st"]
[Site "St Veit"]
[Date "2022.07.10"]
[Round "3"]
[White "Hechl, Gerald"]
[Black "Guetz, Wolfgang"]
[Result "1/2-1/2"]
[WhiteElo "2222"]
[BlackElo "2034"]
[PlyCount "119"]
[EventDate "2022.07.09"]
[EventType "swiss"]
[EventRounds "9"]
[EventCountry "AUT"]
[SourceTitle "CBM 209 Extra"]
[Source "ChessBase"]
[SourceDate "2022.09.30"]
[SourceVersion "1"]
[SourceVersionDate "2022.09.30"]
[SourceQuality "1"]

1. c4 e5 2. e3 Nf6 3. Nc3 d5 4. cxd5 Nxd5 5. Qh5 Nb4 6. Qxe5+ Be7 7. Qe4 Nd7 8. a3 Nc5 9. Qb1 Nbd3+ 10. Bxd3 Nxd3+ 11. Ke2 Bf5 12. e4 Nf4+ 13. Kf3 Ne6 14. g3 Nd4+ 15. Kg2 Be6 16. Nge2 Nb3 17. d4 Nxa1 18. Qxa1 Bc4 19. Be3 Bxe2 20. Nxe2 0-0 21. Qa2 a5 22. h4 Qd7 23. Nf4 Kh8 24. e5 c6 25. Qb1 a4 26. Qe4 Ra5 27. Bd2 Rb5 28. Bc3 Rb3 29. d5 cxd5 30. Nxd5 Rd8 31. Nxe7 Qxe7 32. Qxa4 Rb6 33. Re1 Ra6 34. Qe4 Qd7 35. Kh2 Ra4 36. Qe3 Qf5 37. Re2 Rd3 38. Rd2 Rxd2 39. Qxd2 h6 40. Kg2 Qe4+ 41. Kh2 Qf3 42. e6 f6 43. Bb4 Ra6 44. e7 Re6 45. Kg1 Qe4 46. Qd8+ Kh7 47. Qd7 Rc6 48. Qd2 Re6 49. Kh2 Re5 50. Qd7 Qe2 51. Qd4 Re4 52. Qc5 Re5 53. Qa7 Qxb2 54. Kg2 Qe2 55. Qxb7 Qe4+ 56. Qxe4+ Rxe4 57. f3 Re6 58. g4 g6 59. Kg3 Kg7 60. Kf4 1/2-1/2

[Event "AUT-ch Zwisch Internet"]
[Site "Playchess.com INT"]
[Date "2020.05.02"]
[Round "9"]
[White "Guetz, Wolfgang"]
[Black "Steininger, Barbara"]
[Result "0-1"]
[WhiteElo "2078"]
[BlackElo "1622"]
[PlyCount "84"]
[EventDate "2020.05.02"]
[EventType "swiss (blitz)"]
[EventRounds "13"]
[EventCountry "AUT"]
[SourceTitle "CBM 195 Extra"]
[Source "ChessBase"]
[SourceDate "2020.05.31"]
[SourceVersion "1"]
[SourceVersionDate "2020.05.31"]
[SourceQuality "1"]

1. e4 c5 2. Nf3 g6 3. d4 cxd4 4. Qxd4 f6 5. Bc4 Bg7 6. Be3 Nc6 7. Qd2 a6 8. a4 b6 9. Nc3 e6 10. 0-0 Qc7 11. Rad1 Bb7 12. Qd6 Qxd6 13. Rxd6 Bf8 14. Rd2 Bc5 15. Bxc5 bxc5 16. Rfd1 0-0-0 17. h3 Nge7 18. Ne1 Kc7 19. Nd3 Na5 20. Ba2 c4 21. Nc5 Bc8 22. b3 d6 23. b4 Nac6 24. Bxc4 dxc5 25. bxc5 Rxd2 26. Rxd2 Rd8 27. Rxd8 Kxd8 28. Kf1 Nd4 29. Bd3 Nec6 30. Ke1 Nb4 31. Kd2 Kc7 32. f4 Bb7 33. g3 Kc6 34. e5 f5 35. Nd1 Kxc5 36. c3 Nb3+ 37. Ke3 Nxd3 38. Kxd3 Bd5 39. Ne3 Na5 40. g4 Nc4 41. Nc2 Be4+ 42. Ke2 Bxc2 0-1

[Event "AUT-ch Zwisch Internet"]
[Site "Playchess.com INT"]
[Date "2020.05.02"]
[Round "11"]
[White "Hofer, Maximilian"]
[Black "Guetz, Wolfgang"]
[Result "1-0"]
[WhiteElo "2108"]
[BlackElo "2078"]
[PlyCount "93"]
[EventDate "2020.05.02"]
[EventType "swiss (blitz)"]
[EventRounds "13"]
[EventCountry "AUT"]
[SourceTitle "CBM 195 Extra"]
[Source "ChessBase"]
[SourceDate "2020.05.31"]
[SourceVersion "1"]
[SourceVersionDate "2020.05.31"]
[SourceQuality "1"]

1. e4 c5 2. Nf3 d6 3. d4 cxd4 4. Nxd4 Nf6 5. Nc3 Nc6 6. Bc4 Qb6 7. Nb3 e6 8. 0-0 a6 9. Be3 Qc7 10. a4 b6 11. f4 Be7 12. f5 Ne5 13. Bd3 0-0 14. h3 Bb7 15. Qe2 exf5 16. exf5 Nd5 17. Nxd5 Bxd5 18. Bd4 Bf6 19. Rae1 Bxb3 20. cxb3 Nxd3 21. Qxd3 Bxd4+ 22. Qxd4 Rfe8 23. Qd2 Qc5+ 24. Kh1 Re5 25. f6 Rae8 26. Rxe5 Qxe5 27. fxg7 Kxg7 28. Qc1 Re6 29. Qc7 Rf6 30. Rxf6 Qxf6 31. Qxb6 Qf1+ 32. Kh2 Qf4+ 33. Kh1 Qf1+ 34. Qg1 Qe2 35. Qd4+ Kg8 36. Qxd6 Qxb2 37. b4 Qe2 38. Kh2 Kg7 39. Qd4+ Kg8 40. Qg4+ Qxg4 41. hxg4 Kf8 42. Kg3 Ke7 43. b5 Kd6 44. bxa6 Kc6 45. a7 Kb7 46. a8Q+ Kxa8 47. Kf4 1-0

[Event "AUT-ch Zwisch Internet"]
[Site "Playchess.com INT"]
[Date "2020.05.02"]
[Round "6"]
[White "Mayrhuber, Nikola"]
[Black "Guetz, Wolfgang"]
[Result "0-1"]
[WhiteElo "2025"]
[BlackElo "2078"]
[PlyCount "72"]
[EventDate "2020.05.02"]
[EventType "swiss (blitz)"]
[EventRounds "13"]
[EventCountry "AUT"]
[SourceTitle "CBM 195 Extra"]
[Source "ChessBase"]
[SourceDate "2020.05.31"]
[SourceVersion "1"]
[SourceVersionDate "2020.05.31"]
[SourceQuality "1"]

1. d4 d5 2. c4 c6 3. Nf3 Nf6 4. Nbd2 Bf5 5. Nh4 Bg6 6. Qb3 Qc7 7. g3 e6 8. Bg2 Be7 9. 0-0 Nbd7 10. Nxg6 hxg6 11. e4 dxe4 12. Nxe4 Nxe4 13. Bxe4 Nf6 14. Bf3 Kf8 15. Bf4 Qd7 16. Rad1 Nh5 17. Be3 Rb8 18. d5 exd5 19. cxd5 c5 20. d6 Bf6 21. Bxc5 b6 22. Be3 Qh3 23. Bg2 Qg4 24. d7 Rd8 25. Qb5 Be7 26. Rd4 Qe6 27. Rfd1 Nf6 28. R4d3 Ng4 29. h3 Ne5 30. Rd5 Bf6 31. Rd6 Qf5 32. g4 Nf3+ 33. Bxf3 Qxb5 34. Rc6 Ke7 35. Rc8 Rxc8 36. d8Q+ Rcxd8 0-1

[Event "AUT-ch Zwisch Internet"]
[Site "Playchess.com INT"]
[Date "2020.05.02"]
[Round "4"]
[White "Trippold, Denise"]
[Black "Guetz, Wolfgang"]
[Result "1-0"]
[WhiteElo "2150"]
[BlackElo "2078"]
[PlyCount "87"]
[EventDate "2020.05.02"]
[EventType "swiss (blitz)"]
[EventRounds "13"]
[EventCountry "AUT"]
[SourceTitle "CBM 195 Extra"]
[Source "ChessBase"]
[SourceDate "2020.05.31"]
[SourceVersion "1"]
[SourceVersionDate "2020.05.31"]
[SourceQuality "1"]

1. d4 d5 2. c4 c6 3. Nf3 Nf6 4. g3 Bf5 5. Nc3 e6 6. Qb3 Qc8 7. Nh4 Bg6 8. Bf4 Na6 9. Rc1 Be7 10. Nxg6 hxg6 11. Bg2 dxc4 12. Qxc4 Qd7 13. 0-0 Bd6 14. Bxd6 Qxd6 15. e4 Qe7 16. d5 cxd5 17. exd5 0-0 18. dxe6 Qxe6 19. Qxe6 fxe6 20. Bxb7 Nc7 21. Bxa8 Nxa8 22. Rfe1 Kf7 23. Nb5 a6 24. Nd4 Re8 25. Rc6 e5 26. Nf3 e4 27. Ng5+ Kf8 28. Rxa6 Nc7 29. Ra4 Ncd5 30. Nxe4 Ng4 31. f3 Ne5 32. Kg2 Nd3 33. Rb1 N5b4 34. a3 Nc2 35. Ra7 Ne3+ 36. Kg1 Ne5 37. Ng5 Rc8 38. Re1 N5c4 39. b3 Nc2 40. Ree7 N4e3 41. Rf7+ Kg8 42. Rxg7+ Kf8 43. Raf7+ Ke8 44. Rg8# 1-0

[Event "AUT-ch Vor4 Internet"]
[Site "Playchess.com INT"]
[Date "2020.04.25"]
[Round "8"]
[White "Guetz, Wolfgang"]
[Black "Fuchs, Georg"]
[Result "0-1"]
[WhiteElo "2078"]
[BlackElo "2234"]
[PlyCount "70"]
[EventDate "2020.04.25"]
[EventType "swiss (blitz)"]
[EventRounds "9"]
[EventCountry "AUT"]
[SourceTitle "EXT 2021"]
[Source "ChessBase"]
[SourceDate "2020.10.23"]
[SourceVersion "1"]
[SourceVersionDate "2020.10.23"]
[SourceQuality "1"]

1. e4 e5 2. Nf3 Nc6 3. d4 exd4 4. Nxd4 Nf6 5. Nxc6 bxc6 6. e5 Qe7 7. Qe2 Nd5 8. c4 Ba6 9. b3 g6 10. f4 Bg7 11. Qf2 Nf6 12. Be2 0-0 13. Ba3 d6 14. Nd2 Nd7 15. exd6 cxd6 16. Rd1 c5 17. Nf3 Bc3+ 18. Kf1 Rfe8 19. h4 Nf6 20. Ng5 Bb7 21. h5 Bd4 22. Rxd4 cxd4 23. hxg6 fxg6 24. Bd1 Ne4 25. Qh4 Nxg5 26. fxg5 Rf8+ 27. Kg1 Qe3+ 28. Kh2 Rf2 29. Rg1 Qe5+ 30. Kh1 Raf8 31. Bg4 Rf1 32. Qh6 Rxg1+ 33. Kxg1 Qe1+ 34. Kh2 Rf2 35. Bh3 Qe2 0-1

[Event "AUT-ch Vor3 Internet"]
[Site "Playchess.com INT"]
[Date "2020.04.17"]
[Round "2"]
[White "Belke, Frank"]
[Black "Guetz, Wolfgang"]
[Result "1-0"]
[WhiteElo "2273"]
[BlackElo "2078"]
[PlyCount "71"]
[EventDate "2020.04.17"]
[EventType "swiss (blitz)"]
[EventRounds "9"]
[EventCountry "AUT"]
[SourceTitle "CBM 195 Extra"]
[Source "ChessBase"]
[SourceDate "2020.05.31"]
[SourceVersion "1"]
[SourceVersionDate "2020.05.31"]
[SourceQuality "1"]

1. d4 d5 2. c4 c6 3. Nf3 Nf6 4. Nc3 dxc4 5. a4 Bf5 6. Ne5 Nbd7 7. Nxc4 Qc7 8. Qd2 e5 9. dxe5 Nxe5 10. Qf4 Bd6 11. Nxd6+ Qxd6 12. Qxf5 0-0 13. Bf4 Rfe8 14. e3 Rad8 15. Qc2 Qe6 16. Be2 Ng6 17. Bg3 Ng4 18. Bxg4 Qxg4 19. 0-0 h5 20. h3 Qc4 21. Rfd1 h4 22. Bc7 Rc8 23. Bd6 Re6 24. Rd4 Qa6 25. Rad1 c5 26. R4d2 Rf6 27. Ne4 Rf5 28. Nxc5 Rfxc5 29. Bxc5 b6 30. Rd8+ Kh7 31. Qf5 Rxc5 32. Qxf7 Qe2 33. Rf1 Rg5 34. Qg8+ Kh6 35. Rd6 Qxb2 36. Qh8# 1-0

[Event "AUT-ch Vor3 Internet"]
[Site "Playchess.com INT"]
[Date "2020.04.17"]
[Round "3"]
[White "Guetz, Wolfgang"]
[Black "Kwech, Martin"]
[Result "1-0"]
[WhiteElo "2078"]
[BlackElo "1105"]
[PlyCount "93"]
[EventDate "2020.04.17"]
[EventType "swiss (blitz)"]
[EventRounds "9"]
[EventCountry "AUT"]
[SourceTitle "CBM 195 Extra"]
[Source "ChessBase"]
[SourceDate "2020.05.31"]
[SourceVersion "1"]
[SourceVersionDate "2020.05.31"]
[SourceQuality "1"]

1. e4 c5 2. Nf3 a6 3. c4 d6 4. d4 cxd4 5. Nxd4 Nf6 6. Nc3 e5 7. Nc2 Nc6 8. Bd3 Be7 9. 0-0 0-0 10. Nd5 Nxd5 11. cxd5 Nb8 12. Bd2 Nd7 13. b4 Nf6 14. Rc1 b5 15. Ne3 h6 16. a4 Bd7 17. a5 Rc8 18. Qf3 Nh7 19. Nf5 Bxf5 20. Qxf5 Bg5 21. f4 exf4 22. Bxf4 Bxf4 23. Qxf4 Qf6 24. Qe3 Qe7 25. Qb6 Rxc1 26. Rxc1 Qe5 27. h3 Qb2 28. Rb1 Qd2 29. Bf1 Qc2 30. Re1 Qd2 31. Re2 Qxb4 32. Qxa6 Qd4+ 33. Kh1 Qa4 34. Qxd6 Qxa5 35. Rb2 Qe1 36. Qf4 Qc3 37. Rxb5 Qd4 38. Rb7 Qd1 39. d6 Nf6 40. e5 Nd5 41. Qf3 Qd2 42. d7 Rd8 43. Bb5 Qe1+ 44. Kh2 Qxe5+ 45. Qg3 Qxg3+ 46. Kxg3 Nc3 47. Bc6 1-0

[Event "AUT-ch Vor3 Internet"]
[Site "Playchess.com INT"]
[Date "2020.04.17"]
[Round "6"]
[White "Maierhofer, Johann"]
[Black "Guetz, Wolfgang"]
[Result "1-0"]
[WhiteElo "2087"]
[BlackElo "2078"]
[PlyCount "89"]
[EventDate "2020.04.17"]
[EventType "swiss (blitz)"]
[EventRounds "9"]
[EventCountry "AUT"]
[SourceTitle "CBM 195 Extra"]
[Source "ChessBase"]
[SourceDate "2020.05.31"]
[SourceVersion "1"]
[SourceVersionDate "2020.05.31"]
[SourceQuality "1"]

1. e4 c5 2. c4 d6 3. Nc3 Nc6 4. g3 Nf6 5. Bg2 g6 6. Nge2 Bg7 7. 0-0 0-0 8. d3 h6 9. h3 Be6 10. Be3 a6 11. f4 Rb8 12. Qd2 Kh7 13. g4 h5 14. g5 Ne8 15. Nd5 b5 16. f5 Bxd5 17. cxd5 Ne5 18. Rac1 c4 19. d4 Nd3 20. Rcd1 b4 21. Nf4 Nxf4 22. Bxf4 Qa5 23. f6 exf6 24. gxf6 Bxf6 25. e5 dxe5 26. dxe5 Bg7 27. d6 c3 28. bxc3 bxc3 29. Qd5 Rb5 30. Qc6 Bxe5 31. Bxe5 Rxe5 32. d7 Ng7 33. Rxf7 Rxf7 34. d8Q Qxd8 35. Rxd8 Re1+ 36. Kh2 Re2 37. Qc8 Kh6 38. Rh8+ Kg5 39. Qxc3 Rff2 40. Qc1+ Kf6 41. Rf8+ Ke5 42. Qc3+ Ke6 43. Rxf2 Rxf2 44. Qxg7 Kf5 45. Qf7+ 1-0

[Event "AUT-ch Vor1 Internet"]
[Site "Playchess.com INT"]
[Date "2020.04.11"]
[Round "4"]
[White "Bauer, Sebastian"]
[Black "Guetz, Wolfgang"]
[Result "1-0"]
[WhiteElo "2237"]
[BlackElo "2078"]
[PlyCount "79"]
[EventDate "2020.04.11"]
[EventType "swiss (blitz)"]
[EventRounds "9"]
[EventCountry "AUT"]
[SourceTitle "CBM 195 Extra"]
[Source "ChessBase"]
[SourceDate "2020.05.31"]
[SourceVersion "1"]
[SourceVersionDate "2020.05.31"]
[SourceQuality "1"]

1. e4 c5 2. Nf3 d6 3. d4 cxd4 4. Nxd4 Nf6 5. Nc3 Nc6 6. Bg5 e6 7. Qd2 a6 8. 0-0-0 Bd7 9. f4 b5 10. Nf3 Qb6 11. Bxf6 gxf6 12. f5 b4 13. fxe6 fxe6 14. Ne2 h5 15. Kb1 a5 16. g3 a4 17. Bh3 b3 18. cxb3 axb3 19. a3 Na5 20. Rc1 Bh6 21. Nf4 Kf7 22. Rhd1 Ra6 23. Bf1 Bb5 24. Bxb5 Qxb5 25. Rc7+ Kg8 26. Nxe6 Rh7 27. Qc3 Rxc7 28. Nxc7 Qc6 29. Nxa6 Qxa6 30. Qd3 Nc4 31. Nd4 Kf7 32. Qxb3 Ke7 33. Nf5+ Kf8 34. Nxh6 Ne5 35. Nf5 Qe2 36. Qc2 Qa6 37. Rxd6 Qf1+ 38. Rd1 Qa6 39. Qc5+ Kf7 40. Qe7+ 1-0

[Event "AUT-ch Vor1 Internet"]
[Site "Playchess.com INT"]
[Date "2020.04.11"]
[Round "5"]
[White "Guetz, Wolfgang"]
[Black "Schroll, Gerhard"]
[Result "1-0"]
[WhiteElo "2078"]
[BlackElo "2321"]
[PlyCount "55"]
[EventDate "2020.04.11"]
[EventType "swiss (blitz)"]
[EventRounds "9"]
[EventCountry "AUT"]
[SourceTitle "CBM 195 Extra"]
[Source "ChessBase"]
[SourceDate "2020.05.31"]
[SourceVersion "1"]
[SourceVersionDate "2020.05.31"]
[SourceQuality "1"]

1. e4 Nf6 2. e5 Nd5 3. d4 d6 4. exd6 exd6 5. Bd3 Be7 6. Nf3 Nb4 7. c3 Nxd3+ 8. Qxd3 0-0 9. 0-0 c6 10. h3 d5 11. Bf4 Nd7 12. Nbd2 Nf6 13. Rfe1 Bd6 14. Bxd6 Qxd6 15. Ne5 b6 16. a4 Be6 17. a5 c5 18. axb6 axb6 19. Ra6 c4 20. Nexc4 dxc4 21. Nxc4 Bxc4 22. Qxc4 Rxa6 23. Qxa6 Nd5 24. Ra1 Nf4 25. Qb5 Qg6 26. Qf1 Nxh3+ 27. Kh2 Nf4 28. g3 1-0

[Event "AUT-ch U18"]
[Site "Woerth"]
[Date "2014.04.15"]
[Round "5"]
[White "Kuhn, Michael"]
[Black "Guetz, Wolfgang"]
[Result "1-0"]
[WhiteElo "1857"]
[BlackElo "1869"]
[PlyCount "75"]
[EventDate "2014.04.13"]
[EventType "swiss"]
[EventRounds "7"]
[EventCountry "AUT"]
[SourceTitle "EXT 2015"]
[Source "ChessBase"]
[SourceDate "2014.11.20"]
[SourceVersion "1"]
[SourceVersionDate "2014.11.20"]
[SourceQuality "1"]

1. d4 Nf6 2. c4 e6 3. Nc3 Bb4 4. Qc2 0-0 5. Bg5 h6 6. Bh4 d5 7. e3 b6 8. cxd5 exd5 9. Bd3 c5 10. Nge2 Nbd7 11. 0-0 Bb7 12. Bf5 Bxc3 13. Nxc3 cxd4 14. exd4 Qc7 15. f3 Qf4 16. Bf2 Rac8 17. Bh3 Rfe8 18. Rad1 Qd6 19. Rc1 Ba6 20. Rfd1 Bc4 21. Qd2 Re7 22. Nb5 Qb8 23. Bg3 Qa8 24. Qb4 Re2 25. b3 Bxb5 26. Qxb5 Rxc1 27. Rxc1 Qe8 28. Rc7 Qe3+ 29. Kf1 Rxa2 30. Be1 Nf8 31. Rc8 a6 32. Qb4 N6h7 33. Qc3 Qe2+ 34. Kg1 Ng5 35. Rxf8+ Kxf8 36. Qc8+ Ke7 37. Bb4+ Kf6 38. Qf5# 1-0